000 00381nam a2200121 4500
008 b xx# fre u
040 _aLB-BrCRDP
082 1 _a107
_bROM
100 1 _aRoman, Joël
245 1 0 _aChronique des idées contemporaines
_bItinéraires guidé à travers 300 textes choisis
_cJoël Roman
942 _cBK
999 _c9995
_d9995